[Event "Rafsanjan op 1st"]
[Site "Rafsanjan"]
[Date "2015.08.11"]
[Round "2"]
[White "Mahdavi Meymand, Hamid"]
[Black "Sherafati, Masoud"]
[Result "0-1"]
[WhiteElo "1695"]
[BlackElo "2012"]
[PlyCount "48"]
[EventDate "2015.08.10"]
[EventType "swiss"]
[EventRounds "9"]
[EventCountry "IRI"]
[SourceTitle "EXT 2016"]
[Source "ChessBase"]
[SourceDate "2015.10.08"]
[SourceVersion "1"]
[SourceVersionDate "2015.10.08"]
[SourceQuality "1"]

1. e4 Nf6 2. e5 Nd5 3. Bc4 Nb6 4. Bb3 d6 5. Nf3 Nc6 6. exd6 cxd6 7. d3 g6 8. Bd2 Bg7 9. Bc3 e5 10. 0-0 0-0 11. Re1 Re8 12. h3 d5 13. Bd2 h6 14. Nc3 Be6 15. Nh2 f5 16. f3 f4 17. Rf1 Qg5 18. Kh1 Nd4 19. Be1 Nf5 20. Bf2 Rad8 21. Rg1 Ng3+ 22. Bxg3 fxg3 23. Nf1 e4 24. dxe4 Qh4 0-1